ბათუმის შოთა რუსთაველის სახელმწიფო უნივერსიტეტის ბიბლიოთეკა

геометрия (ბიბ.ჩანაწერი № 38833)

000 -LEADER
fixed length control field 00664nam a2200229Ia 4500
001 - CONTROL NUMBER
control field 5241
003 - CONTROL NUMBER IDENTIFIER
control field GE_BSU
008 - FIXED-LENGTH DATA ELEMENTS--GENERAL INFORMATION
fixed length control field 181216s||||||||xx |||||||||||||| ||und||
040 ## - CATALOGING SOURCE
Transcribing agency GE_BSU
080 ## - UNIVERSAL DECIMAL CLASSIFICATION NUMBER
Universal Decimal Classification number 514.112(075.32)+514.113(075.32)
100 ## - MAIN ENTRY--PERSONAL NAME
Personal name Андреев. П.П; Э.З. шувалова;
245 ## - TITLE STATEMENT
Title геометрия
245 ## - TITLE STATEMENT
Remainder of title Учебник для сред. специаль учебн. заведений
245 ## - TITLE STATEMENT
Statement of responsibility, etc. Под. ред. Э.З. Шуваловой.
250 ## - EDITION STATEMENT
Edition statement Изд-3-ое
260 ## - PUBLICATION, DISTRIBUTION, ETC.
Place of publication, distribution, etc. Москва
260 ## - PUBLICATION, DISTRIBUTION, ETC.
Name of publisher, distributor, etc. Наука
260 ## - PUBLICATION, DISTRIBUTION, ETC.
Date of publication, distribution, etc. 1967
300 ## - PHYSICAL DESCRIPTION
Extent 225 с. 21 см.
653 ## - INDEX TERM--UNCONTROLLED
Uncontrolled term геометрия
942 ## - ADDED ENTRY ELEMENTS (KOHA)
Koha item type წიგნი
ეგზემპლარები
Withdrawn status Lost status Damaged status Not for loan Date acquired Barcode Date last seen Price effective from Koha item type
        2018-12-17 15923 2018-12-17 2018-12-17 წიგნი